00350nam a2200133 450000500170000010000250001724500200004226400490006230000180011133600220012933700240015133800240017599900170019920260530115259.01 aOscar ASENCIO93101710aObras selectas  1bBd Ed. de Diseño - Línea editorialc2003 a120 páginas atexto2rdacontent asin medio2rdamedia avolumen2rdacarrier c12777d12777